Peace and security in Southern Africa (Record no. 81772)

MARC details
000 -LEADER
fixed length control field 01595nam a2200277 a 4500
008 - FIXED-LENGTH DATA ELEMENTS--GENERAL INFORMATION
fixed length control field 120416s1996 ||||||||||||||||| || u
020 ## - INTERNATIONAL STANDARD BOOK NUMBER
International Standard Book Number 1779050488
050 ## - LIBRARY OF CONGRESS CALL NUMBER
Classification number KJ 851 Pea
100 ## - MAIN ENTRY--PERSONAL NAME
Personal name Mandaza, Ibbo
245 10 - TITLE STATEMENT
Title Peace and security in Southern Africa
246 ## -
-- Peace & security in southern Africa
260 ## - PUBLICATION, DISTRIBUTION, ETC. (IMPRINT)
Place of publication, distribution, etc Harare
Name of publisher, distributor, etc SAPES Books
Date of publication, distribution, etc 1996
300 ## - PHYSICAL DESCRIPTION
Extent xxiii, 183 p.
350 ## -
-- 0.00
490 ## - SERIES STATEMENT
Series statement Regional cooperation series
500 ## - GENERAL NOTE
General note 'SAPES Trust'--P. [4] of cover. -'Southern Africa Regional Institute for Policy Studies ...'-- Ser. t.p. -Includes bibliographical references and indexes.
650 ## - SUBJECT ADDED ENTRY--TOPICAL TERM
Topical term or geographic name as entry element POLITICS
650 ## - SUBJECT ADDED ENTRY--TOPICAL TERM
Topical term or geographic name as entry element AFRICA, SOUTHERN POLITICS AND GOVERNMENT--1994-
710 ## - ADDED ENTRY--CORPORATE NAME
Corporate name or jurisdiction name as entry element SAPES Trust
710 ## - ADDED ENTRY--CORPORATE NAME
Corporate name or jurisdiction name as entry element Southern Africa Regional Institute for Policy Studies
995 ## - RECOMMENDATION 995 [LOCAL, UNIMARC FRANCE]
-- 0.00
-- CBU-MAIN LIBRARY (Kitwe)
-- 2
-- 9.00
-- 2
-- AVAILABLE
-- Annex Low-Usage Collection
995 ## - RECOMMENDATION 995 [LOCAL, UNIMARC FRANCE]
-- 0.00
-- CBU-MAIN LIBRARY (Kitwe)
-- 3
-- 9.00
-- 3
-- AVAILABLE
-- Annex Low-Usage Collection
995 ## - RECOMMENDATION 995 [LOCAL, UNIMARC FRANCE]
-- 0.00
-- CBU-MAIN LIBRARY (Kitwe)
-- 1
-- 9.00
-- 1
-- AVAILABLE
-- Main Library Open Access Collection
995 ## - RECOMMENDATION 995 [LOCAL, UNIMARC FRANCE]
-- 0.00
-- CBU-MAIN LIBRARY (Kitwe)
-- 5
-- 9.00
-- 5
-- AVAILABLE
-- Annex Low-Usage Collection
995 ## - RECOMMENDATION 995 [LOCAL, UNIMARC FRANCE]
-- 0.00
-- CBU-MAIN LIBRARY (Kitwe)
-- 4
-- 9.00
-- 4
-- AVAILABLE
-- Main Library Open Access Collection
Holdings
Withdrawn status Lost status Source of classification or shelving scheme Damaged status Not for loan Permanent Location Current Location Date acquired Full call number Barcode Date last seen Copy number Price effective from Koha item type Shelving location Total Checkouts
Withdrawn         CBU-MAIN LIBRARY, KITWE. CBU-MAIN LIBRARY, KITWE. 09/05/2023 KJ 851 Pea 020216 09/05/2023 1 09/05/2023 MONOGRAPH    
          CBU-MAIN LIBRARY, KITWE. CBU-MAIN LIBRARY, KITWE. 09/05/2023 KJ 851 Pea 020215 09/05/2023 2 09/05/2023 MONOGRAPH    
          CBU-MAIN LIBRARY, KITWE. CBU-MAIN LIBRARY, KITWE. 09/05/2023 KJ 851 Pea 020212 09/05/2023 3 09/05/2023 MONOGRAPH    
          CBU-MAIN LIBRARY, KITWE. CBU-MAIN LIBRARY, KITWE. 09/05/2023 KJ 851 Pea 020213 09/05/2023 4 09/05/2023 MONOGRAPH    
          CBU-MAIN LIBRARY, KITWE. CBU-MAIN LIBRARY, KITWE. 09/05/2023 KJ 851 Pea 020214 09/05/2023 5 09/05/2023 MONOGRAPH